000 00322nam a2200121Ia 4500
008 191201s2015 xx 000 0 und d
100 _aZIENKIEWICZ, O.C.
245 0 _aThe Finite Element Method: Its Basis and Fundamentals
260 _aN. Delhi
_bElsevier
_c2015
300 _a714
650 _aB.Tech(CE)
942 _2ddc
_cBK
999 _c6490
_d6490